| 000 | 00542nam a22001817a 4500 | ||
|---|---|---|---|
| 003 | OSt | ||
| 005 | 20220107122822.0 | ||
| 008 | 161018b xxu||||| |||| 00| 0 eng d | ||
| 040 | _cIIITMK | ||
| 100 |
_aNibin N J (93614012) _910871 |
||
| 245 |
_aDesign and implementation of online crime reporting media system _cNibin N J |
||
| 300 | _aCSIS - Major Project | ||
| 502 |
_bCSIS _c2014-16 _dINT _eDr. Tony Thomas |
||
| 650 |
_aCOMPUTER SCIENCE _910872 |
||
| 650 |
_aCOMPUTER SECURITY _910873 |
||
| 650 |
_aONLINE CRIME _910874 |
||
| 942 |
_2ddc _cPR |
||
| 999 |
_c5421 _d5421 |
||